Actas del Congreso Internacional de Teología del Concilio Vaticano II / (Record no. 46739)
[ view plain ]
| 000 -LEADER | |
|---|---|
| campo de control de longitud fija | 00807nam a2200205 i 4500 |
| 001 - NÚMERO DE CONTROL | |
| campo de control | 46739 |
| 003 - IDENTIFICADOR DE NÚMERO DE CONTROL | |
| campo de control | ES-MaACL |
| 005 - FECHA Y HORA DE LA ÚLTIMA TRANSACCIÓN | |
| campo de control | 20250830044956.0 |
| 007 - CAMPO FIJO DE DESCRIPCIÓN FÍSICA--INFORMACIÓN GENERAL | |
| campo de control de longitud fija | t| |
| 008 - DATOS DE LONGITUD FIJA--INFORMACIÓN GENERAL | |
| campo de control de longitud fija | 030331s1972 sp ||||1| spa d |
| 111 2# - ENTRADA PRINCIPAL--NOMBRE DE CONGRESO/REUNIÓN | |
| Nombre de congreso/reunión o jurisdicción como elemento de entrada | Congreso Internacional de Teología del Concilio Vaticano II |
| Fecha del congreso o de la firma del tratado | (1966. |
| Sede del congreso/Lugar de la reunión | Roma) |
| 9 (RLIN) | 457 |
| 245 10 - MENCIÓN DEL TÍTULO | |
| Título | Actas del Congreso Internacional de Teología del Concilio Vaticano II / |
| Mención de responsabilidad, etc. | edición preparada por Adolfus Schönmtzer ; traducido por Antonio Martínez Riu y Vicente Modrego Clemente. |
| 260 ## - PUBLICACIÓN, DISTRIBUCIÓN, ETC. | |
| Lugar de publicación, distribución, etc. | Barcelona : |
| Nombre del editor, distribuidor, etc. | Juan Flors, |
| Fecha de publicación, distribución, etc. | 1972. |
| 300 ## - DESCRIPCIÓN FÍSICA | |
| Extensión | LXXIX, 858 p., 2 lám. ; |
| Dimensiones | 24 cm. |
| 700 1# - ENTRADA AGREGADA--NOMBRE PERSONAL | |
| Nombre de persona | Schönmtzer, Adolfus. |
| 9 (RLIN) | 104647 |
| 700 1# - ENTRADA AGREGADA--NOMBRE PERSONAL | |
| Nombre de persona | Martínez Riu, Antonio. |
| 9 (RLIN) | 78364 |
| 700 1# - ENTRADA AGREGADA--NOMBRE PERSONAL | |
| Nombre de persona | Modrego Clemente, Vicente. |
| 9 (RLIN) | 81753 |
| 852 ## - LOCALIZACIÓN | |
| Ubicación | ES-MaACL |
| Número de control de estantería | C-50252 |
| Sublocalización o colección | R.85103 |
| Estatus retirado | Estado de pérdida | Estado de daño | No para préstamo | Biblioteca de origen | Biblioteca actual | Ubicación en estantería | Fecha de adquisición | Fuente de adquisición | Total de préstamos | Signatura topográfica completa | Código de barras | Visto por última vez | Precio de reemplazo | Tipo de ítem Koha |
|---|---|---|---|---|---|---|---|---|---|---|---|---|---|---|
| Biblioteca del Ateneo de Madrid | Biblioteca del Ateneo de Madrid | Depósito 2 | 17/01/2008 | C-50252 | 1049160 | 23/02/2023 | 23/02/2023 | Libro impreso |
